| 000 | 004510000a22001810004500 | ||
|---|---|---|---|
| 003 | LK-CoMWRAF | ||
| 008 | 230817t ||||| |||| 00| 0 eng d | ||
| 040 |
_aLK-CoMWRAF _dLK-CoMWRAF _eLK-CoMWRAF |
||
| 041 | _aeng | ||
| 082 |
_a161 _bVIV |
||
| 245 |
_aVivaharathum Athan Seyanmuraikalum _bSatta Arivu Kaiyedu No:01 |
||
| 260 |
_aColombo _MWRAF _c |
||
| 300 | _ap.10 | ||
| 650 | _aDivorce | ||
| 650 | _aMuslim Law-SL | ||
| 650 | _aTamil | ||
| 942 | _cBK | ||
| 999 |
_c3135 _d3135 |
||